Tekst na zanyatiyakh po RKI: spetsifika podbora materiala dlya russkoyazychnykh uchebnikov po sotsiologii i psikhologii v bilingval'nykh gimnaziyakh Slovakii
Skúmanie špecifík výberu a adaptácie vzdelávacích materiálov pre ruskojazyčné učebnice sociológie a psychológie, určené pre dvojjazyčných študentov. Teoretické základy výberu vzdelávacích textov v metodike výučby ruštiny, ako cudzieho jazyka, vrátane všeobecných didaktických princípov a charakterist...
Gespeichert in:
| 1. Verfasser: | |
|---|---|
| Format: | Buchkapitel |
| Sprache: | Russisch |
| Schlagworte: | |
| Tags: |
Keine Tags, Fügen Sie das erste Tag hinzu!
|
MARC
| LEADER | 00000naa$a2200000$$$4500 | ||
|---|---|---|---|
| 001 | 0314211 | ||
| 005 | 20260120105645.3 | ||
| 041 | 0 | |a rus | |
| 044 | |a KZ | ||
| 245 | 1 | 0 | |a Tekst na zanyatiyakh po RKI: spetsifika podbora materiala dlya russkoyazychnykh uchebnikov po sotsiologii i psikhologii v bilingval'nykh gimnaziyakh Slovakii |c Ekaterina Borisova |
| 520 | |a Skúmanie špecifík výberu a adaptácie vzdelávacích materiálov pre ruskojazyčné učebnice sociológie a psychológie, určené pre dvojjazyčných študentov. Teoretické základy výberu vzdelávacích textov v metodike výučby ruštiny, ako cudzieho jazyka, vrátane všeobecných didaktických princípov a charakteristík vedeckého štýlu pre cudzojazyčné publikum. Na príklade dvoch učebníc je uvedený podrobný rozbor. | ||
| 610 | 2 | 0 | |a ruština |
| 610 | 2 | 0 | |a jazyky cudzie |
| 610 | 2 | 0 | |a vzdelávanie |
| 610 | 2 | 0 | |a učebnice |
| 610 | 2 | 0 | |a sociológia |
| 610 | 2 | 0 | |a psychológia |
| 610 | 2 | 0 | |a Slovensko |
| 610 | 2 | 0 | |a adaptácia |
| 610 | 2 | 0 | |a metodológia |
| 100 | 1 | |a Borisova, Ekaterina, 1971- | |